000 00749nam a22002417a 4500
003 UA-OsUOA
001 46082
007 ta
008 20120118b un ||||| |||| 00| 0 ukr d
100 _aБоднарук І.
090 _a82-32
_bБ81
942 _cBK
040 _aUA-OsUOA
_bukr
_cUA-OsUOA
_dUA-OsUOA
245 _aМіж двома світами
300 _a175 с.
955 _a4
041 _aukr
080 _a82-32
260 _aДонецьк
_bУкраїнський Культурологічний Центр
_c1996
650 7 _a82 Література. Літературознавство
_2UDC
999 _c426184
_d426184